[Event "Botvinnik Cup 2018"]
[Site "Moscow"]
[Date "2018.08.12"]
[Round "5"]
[White "Melkonyan, Arshak"]
[Black "Korotylev, Alexey"]
[Result "1/2-1/2"]
[WhiteElo "2051"]
[BlackElo "2573"]
[Annotator "ChessBase"]
[PlyCount "91"]
[EventDate "2018.08.10"]
[EventCountry "RUS"]
[SourceTitle "playchess.com"]
[Source "ChessBase"]
[SourceQuality "1"]
[TimeControl "5400+30"]

1. d4 {[%emt 0:00:00]} Nf6 {[%emt 0:00:00]} 2. Nf3 {[%emt 0:00:00]} e6 {[%emt 0:00:05]} 3. e3 {[%emt 0:00:00]} b6 {[%emt 0:00:21]} 4. Bd3 {[%emt 0:00:11]} Bb7 {[%emt 0:00:17]} 5. O-O {[%emt 0:00:29]} d5 {[%emt 0:00:08]} 6. b3 {[%emt 0:00:24]} Bd6 {[%emt 0:00:16]} 7. Bb2 {[%emt 0:00:11]} O-O {[%emt 0:00:31]} 8. Nbd2 {[%emt 0:00:47]} c5 9. c4 {[%emt 0:03:35]} Nbd7 {[%emt 0:03:19]} 10. Qe2 {[%emt 0:00:42]} cxd4 {[%emt 0:05:53]} 11. exd4 {[%emt 0:02:51]} Re8 {[%emt 0:06:15]} 12. Ne5 {[%emt 0:05:26]} Bb4 {[%emt 0:07:24]} 13. a3 {[%emt 0:24:48]} Bxd2 {[%emt 0:04:42]} 14. Qxd2 {[%emt 0:02:10]} dxc4 {[%emt 0:03:19]} 15. Nxc4 {[%emt 0:01:38]} Nf8 {[%emt 0:00:56]} 16. f3 {[%emt 0:01:08]} Ng6 {[%emt 0:00:17]} 17. Rac1 {[%emt 0:02:56]} Re7 {[%emt 0:01:39]} 18. Bxg6 {[%emt 0:02:58]} hxg6 {[%emt 0:00:03]} 19. Ne5 {[%emt 0:00:21]} Nd5 {[%emt 0:03:34]} 20. a4 {[%emt 0:03:06]} Rc8 {[%emt 0:08:04]} 21. Rxc8 {[%emt 0:11:53]} Qxc8 {[%emt 0:00:03]} 22. Rc1 {[%emt 0:00:33]} Rc7 {[%emt 0:00:48]} 23. Kf2 {[%emt 0:03:22]} Rxc1 {[%emt 0:00:16]} 24. Qxc1 {[%emt 0:00:03]} Qe8 {[%emt 0:00:05]} 25. a5 {[%emt 0:04:56]} f6 {[%emt 0:00:08]} 26. Nc4 {[%emt 0:00:23]} g5 {[%emt 0:01:10]} 27. axb6 {[%emt 0:03:08]} axb6 {[%emt 0:00:05]} 28. Nd6 {[%emt 0:05:01]} Qd7 {[%emt 0:03:23]} 29. Ba3 {[%emt 0:01:36]} Nf4 {[%emt 0:00:30]} 30. Qc4 {[%emt 0:03:34]} Kh7 {[%emt 0:09:24]} 31. h3 {[%emt 0:05:39]} Bc6 {[%emt 0:01:18]} 32. Qc2+ {[%emt 0:02:15]} Kg8 {[%emt 0:00:50]} 33. Kg1 {[%emt 0:01:38]} Qa7 {[%emt 0:03:07]} 34. Qxc6 {[%emt 0:01:59]} Qxa3 {[%emt 0:00:12]} 35. Qc8+ {[%emt 0:00:07]} Kh7 {[%emt 0:00:04]} 36. Qc2+ {[%emt 0:00:01]} f5 {[%emt 0:02:26]} 37. Nf7 {[%emt 0:04:29]} Qa1+ {[%emt 0:00:07]} 38. Kh2 {[%emt 0:00:11]} Qf1 {[%emt 0:14:00]} 39. Nxg5+ {[%emt 0:01:55]} Kg6 {[%emt 0:00:03]} 40. Qd2 {[%emt 0:00:12]} Ne2 {[%emt 0:01:13]} 41. Qe3 {[%emt 0:00:10]} f4 {[%emt 0:00:01]} 42. Qxe6+ {[%emt 0:00:08]} Kxg5 {[%emt 0:00:04]} 43. h4+ {[%emt 0:00:18]} Kh5 {[%emt 0:00:02]} 44. Qg4+ {[%emt 0:00:09]} Kh6 {[%emt 0:00:02]} 45. Qg5+ {[%emt 0:00:06]} Kh7 {[%emt 0:00:01]} 46. Qh5+ {[%emt 0:00:01]} 1/2-1/2

[Event "Botvinnik Cup 2018"]
[Site "Moscow"]
[Date "2018.08.12"]
[Round "5"]
[White "Allahverdiyeva, Ayan"]
[Black "Kovalev, Vladislav"]
[Result "0-1"]
[WhiteElo "2046"]
[BlackElo "2667"]
[Annotator "TA"]
[PlyCount "135"]
[EventDate "2018.08.10"]
[EventCountry "RUS"]
[SourceTitle "playchess.com"]
[Source "ChessBase"]
[SourceQuality "1"]

{[%evp 31,135,-6,-12,-16,-9,-28,-39,-85,-78,-118,-32,-202,-179,-201,-202,-186,-195,-176,-195,-187,-187,-235,-208,-263,-259,-296,-245,-356,-321,-503,-523,-533,-527,-527,-525,-518,-439,-431,-307,-296,-293,-288,-276,-328,-314,-385,-380,-380,-339,-379,-370,-405,-397,-425,-422,-433,-428,-416,-421,-444,-444,-461,-377,-444,-377,-367,-310,-377,-377,-377,-377,-377,-377,-372,-350,-742,-739,-729,-695,-602,-544,-708,-657,-1287,-1106,-2183,-2172,-1743,-1877,-2948,-2721,-5810,-5413,-29986,-29987,-29986,-29986,-29992,-29993,-29993,-29994,-29994,-29994,-29994,-29995,-29996]} 1. e4 e5 2. Nf3 Nc6 3. Bb5 a6 4. Ba4 Nf6 5. O-O Be7 6. Re1 b5 7. Bb3 d6 8. c3 O-O 9. d4 Bg4 10. Be3 exd4 11. cxd4 Na5 12. Bc2 c5 13. h3 Bh5 {C91: Closed Ruy Lopez: 7...d6 8 c3 0-0 9 d4} 14. Nbd2 (14. g4 Bg6 15. Nbd2 Rc8 16. d5 Nd7 17. Nh2 Bf6 18. Rb1 Re8 19. f4 h6 20. Bf2 Bh4 21. Bxh4 Qxh4 {½-½ (139) Inarkiev,E (2689)-Tomashevsky,E (2713) St Petersburg 2017}) 14... cxd4 15. Bxd4 Nc6 16. g4 Bg6 {LiveBook: 4 Games} 17. Be3 Rc8 18. Nh4 d5 19. Nf5 $146 ({Predecessor:} 19. Nxg6 hxg6 20. exd5 Nxd5 21. Ne4 Nxe3 22. Rxe3 Qxd1+ 23. Rxd1 {½-½ (49) Lazic,D (2320)-Abramovic,B (2484) Vrnjacka Banja 2008}) 19... Bb4 20. Bg5 h6 (20... dxe4 $1 $17 {Strongly threatening ...h6.} 21. Bxe4 h6 22. Bxf6 Qxf6) 21. Bf4 $2 {[#]} (21. Bxf6 $1 $15 Qxf6 22. exd5) 21... dxe4 $1 $19 22. Bxe4 Nxe4 23. Rxe4 Bxf5 24. gxf5 Qd5 25. Qe2 Qxf5 26. Kh2 Rce8 27. Rxe8 Qxf4+ 28. Kh1 Qxd2 29. Rg1 (29. Qxd2 $142 Bxd2 30. Rxf8+ Kxf8 31. Kg2) 29... Qd7 {[%cal Rd7h3] [#]} 30. Rxf8+ (30. Qg4 $142 $1 {[%mdl 512]} Qxg4 31. Rxf8+ Kxf8 32. hxg4) 30... Bxf8 {[%cal Rd7h3]} 31. Rg3 Qd5+ 32. Qf3 Qe6 33. Qb3 Qe1+ 34. Kg2 Nd4 35. Qe3 Qxe3 36. Rxe3 Ne6 37. Re4 Bd6 38. h4 Kf8 39. Kf3 Ke7 40. Re1 g6 41. Ke4 Kd7 42. Rd1 h5 43. Rg1 Ng7 44. Rh1 Nf5 45. Rh3 Be7 46. f4 Bxh4 47. Rd3+ Ke6 48. Ra3 Bf6 49. b4 Nd6+ 50. Kf3 Kd5 51. Rxa6 Bc3 52. a3 f6 53. Ra7 $2 (53. a4) 53... g5 54. fxg5 fxg5 55. Rh7 h4 56. Kg4 Ne4 {aiming for ...Nf6+.} 57. Rd7+ Kc4 58. Re7 Nf2+ 59. Kf3 Bd4 60. Rc7+ Kd3 61. Rb7 g4+ {[%cal Bg5g4,Bg4g3][%mdl 32]} 62. Kg2 h3+ {Black mates.} 63. Kg3 Ne4+ 64. Kh2 Be5+ 65. Kg1 g3 66. Rd7+ Bd4+ 67. Rxd4+ Kxd4 68. a4 {Precision: White = 25%, Black = 66%.} 0-1

[Event "Botvinnik Cup 2018"]
[Site "Moscow"]
[Date "2018.08.12"]
[Round "5"]
[White "Naqopia, Giorgi"]
[Black "Atabayev, Maksat"]
[Result "0-1"]
[WhiteElo "1857"]
[BlackElo "2505"]
[Annotator "ChessBase"]
[PlyCount "120"]
[EventDate "2018.08.10"]
[EventCountry "RUS"]
[SourceTitle "playchess.com"]
[Source "ChessBase"]
[SourceQuality "1"]
[TimeControl "5400+30"]

1. Nf3 {[%emt 0:00:00]} Nf6 {[%emt 0:00:00]} 2. g3 {[%emt 0:00:09]} b5 {[%emt 0:00:36]} 3. Bg2 {[%emt 0:00:37]} Bb7 {[%emt 0:00:15]} 4. O-O {[%emt 0:00:09]} e6 {[%emt 0:00:18]} 5. d4 {[%emt 0:00:27]} Be7 {[%emt 0:00:25]} 6. b3 {[%emt 0:00:33]} O-O {[%emt 0:00:27]} 7. Bb2 {[%emt 0:00:03]} d5 {[%emt 0:00:30]} 8. Nbd2 {[%emt 0:00:19]} Nbd7 {[%emt 0:00:57]} 9. c4 {[%emt 0:01:20]} bxc4 {[%emt 0:00:13]} 10. bxc4 {[%emt 0:00:05]} c6 {[%emt 0:00:01]} 11. Qc2 {[%emt 0:03:45]} Qa5 {[%emt 0:02:48]} 12. a4 {[%emt 0:09:04]} Ba6 {[%emt 0:00:51]} 13. Bc3 {[%emt 0:07:21]} Qc7 {[%emt 0:01:56]} 14. Rfb1 {[%emt 0:01:53]} Rfc8 {[%emt 0:00:20]} 15. e3 {[%emt 0:17:31]} c5 {[%emt 0:00:28]} 16. dxc5 {[%emt 0:00:14]} Nxc5 {[%emt 0:00:29]} 17. Be5 {[%emt 0:02:33]} Qd8 {[%emt 0:00:40]} 18. Ne1 {[%emt 0:02:30]} Ncd7 {[%emt 0:00:38]} 19. Bc3 {[%emt 0:10:41]} Bxc4 {[%emt 0:02:15]} 20. Nxc4 {[%emt 0:00:27]} Rxc4 {[%emt 0:00:49]} 21. Bf1 {[%emt 0:00:05]} Rcc8 {[%emt 0:00:48]} 22. Ba6 {[%emt 0:01:32]} Rc5 {[%emt 0:03:26]} 23. Qd3 {[%emt 0:13:56]} Ne4 {[%emt 0:02:01]} 24. Bd4 {[%emt 0:00:36]} Rc7 {[%emt 0:00:07]} 25. Qd1 {[%emt 0:02:19]} Bc5 {[%emt 0:01:53]} 26. Rb2 {[%emt 0:01:26]} Bxd4 {[%emt 0:00:25]} 27. Qxd4 {[%emt 0:00:04]} Ndc5 {[%emt 0:00:22]} 28. Be2 {[%emt 0:00:29]} Rac8 {[%emt 0:04:52]} 29. Nf3 {[%emt 0:03:56]} f6 {[%emt 0:02:07]} 30. Rd1 {[%emt 0:00:52]} Qe7 {[%emt 0:00:57]} 31. Kg2 {[%emt 0:08:55]} Nd6 {[%emt 0:02:10]} 32. Rdb1 {[%emt 0:02:20]} Qd7 {[%emt 0:00:41]} 33. Rb4 {[%emt 0:07:20]} Nce4 {[%emt 0:00:34]} 34. Ba6 {[%emt 0:00:38]} Rd8 {[%emt 0:02:35]} 35. Qd3 {[%emt 0:02:40]} Nc5 {[%emt 0:00:27]} 36. Qf1 {[%emt 0:00:26]} Nxa4 {[%emt 0:00:09]} 37. Nd4 {[%emt 0:00:31]} Nc5 {[%emt 0:00:11]} 38. Rb8 {[%emt 0:00:33]} e5 {[%emt 0:00:43]} 39. Rxd8+ {[%emt 0:00:35]} Qxd8 {[%emt 0:00:07]} 40. Nf3 {[%emt 0:00:34]} Nxa6 {[%emt 0:01:50]} 41. Qxa6 {[%emt 0:00:01]} Nc4 {[%emt 0:00:21]} 42. Qe6+ {[%emt 0:00:37]} Kf8 {[%emt 0:00:03]} 43. Rd1 {[%emt 0:00:46]} Nb6 {[%emt 0:00:20]} 44. g4 {[%emt 0:00:35]} Qd7 {[%emt 0:00:11]} 45. Qxd7 {[%emt 0:00:18]} Rxd7 {[%emt 0:00:04]} 46. g5 {[%emt 0:00:02]} Ke7 {[%emt 0:00:08]} 47. gxf6+ {[%emt 0:00:04]} gxf6 {[%emt 0:00:01]} 48. Ra1 {[%emt 0:00:37]} Kd6 {[%emt 0:00:07]} 49. Nh4 {[%emt 0:00:04]} Kc6 {[%emt 0:00:36]} 50. Nf5 {[%emt 0:00:03]} Kb7 {[%emt 0:00:13]} 51. Kf3 {[%emt 0:00:05]} Nc4 {[%emt 0:00:09]} 52. Ra4 {[%emt 0:00:36]} a5 {[%emt 0:00:24]} 53. e4 {[%emt 0:00:18]} Kb6 {[%emt 0:00:36]} 54. exd5 {[%emt 0:00:38]} Kb5 {[%emt 0:00:03]} 55. Ra1 {[%emt 0:00:07]} Rxd5 {[%emt 0:00:04]} 56. Ke4 {[%emt 0:00:03]} Rd2 {[%emt 0:00:04]} 57. Ne3 {[%emt 0:01:03]} Nxe3 {[%emt 0:00:08]} 58. Kxe3 {[%emt 0:00:01]} Rb2 {[%emt 0:00:02]} 59. h4 {[%emt 0:00:15]} a4 {[%emt 0:00:01]} 60. f4 {[%emt 0:00:05]} Rb3+ {[%emt 0:00:02] Kd4} 0-1

[Event "Botvinnik Cup 2018"]
[Site "Moscow"]
[Date "2018.08.12"]
[Round "5"]
[White "Lomaia, Diana"]
[Black "Atabayev, Maksat"]
[Result "0-1"]
[WhiteElo "1851"]
[BlackElo "2505"]
[Annotator "ChessBase"]
[PlyCount "92"]
[EventDate "2018.08.10"]
[EventCountry "RUS"]
[SourceTitle "playchess.com"]
[Source "ChessBase"]
[SourceQuality "1"]
[TimeControl "5400+30"]

1. e4 {[%emt 0:00:00]} c5 {[%emt 0:00:02]} 2. Nf3 {[%emt 0:00:00]} Nc6 {[%emt 0:01:03]} 3. d4 {[%emt 0:00:11]} cxd4 {[%emt 0:00:06]} 4. Nxd4 {[%emt 0:00:06]} Nf6 {[%emt 0:00:14]} 5. Nxc6 {[%emt 0:03:16]} bxc6 {[%emt 0:00:06]} 6. Bd3 {[%emt 0:00:33]} g6 {[%emt 0:00:12]} 7. O-O {[%emt 0:00:12]} d6 {[%emt 0:00:20]} 8. c4 {[%emt 0:00:13]} Bg7 {[%emt 0:00:16]} 9. Nc3 {[%emt 0:00:42]} O-O {[%emt 0:00:04]} 10. Qe2 {[%emt 0:00:44]} Nd7 {[%emt 0:00:13]} 11. Be3 {[%emt 0:05:51]} Qa5 {[%emt 0:00:44]} 12. Rac1 {[%emt 0:02:22]} Rb8 {[%emt 0:01:40]} 13. a3 {[%emt 0:02:04]} Ne5 {[%emt 0:00:36]} 14. Rc2 {[%emt 0:02:10]} Rb3 {[%emt 0:00:28]} 15. Rd1 {[%emt 0:04:11]} Bg4 {[%emt 0:01:36]} 16. f3 {[%emt 0:00:45]} Be6 {[%emt 0:01:20]} 17. Kh1 {[%emt 0:13:35]} Rfb8 {[%emt 0:00:23]} 18. Bc1 {[%emt 0:01:33]} Nxd3 {[%emt 0:01:22]} 19. Qxd3 {[%emt 0:00:24]} Bxc3 {[%emt 0:02:00]} 20. bxc3 {[%emt 0:07:26]} Qc5 {[%emt 0:00:28]} 21. Qd4 {[%emt 0:02:48]} Qxc4 {[%emt 0:00:45]} 22. Qxa7 {[%emt 0:02:12]} R3b7 {[%emt 0:00:29]} 23. Qe3 {[%emt 0:01:06]} Rb1 {[%emt 0:00:05]} 24. Rcd2 {[%emt 0:02:45]} Ra1 {[%emt 0:00:22]} 25. Rd4 {[%emt 0:02:58]} Qb3 {[%emt 0:00:37]} 26. h3 {[%emt 0:01:13]} c5 {[%emt 0:01:09]} 27. R4d2 {[%emt 0:00:43]} f6 {[%emt 0:00:10]} 28. f4 {[%emt 0:01:39]} Qc4 {[%emt 0:01:12]} 29. Re1 {[%emt 0:07:11]} Rb3 {[%emt 0:01:24]} 30. Rc2 {[%emt 0:03:02]} Rab1 {[%emt 0:03:08]} 31. Kh2 {[%emt 0:01:56]} Rb8 {[%emt 0:00:23]} 32. Rf2 {[%emt 0:00:53]} R1b3 {[%emt 0:00:33]} 33. Rf3 {[%emt 0:00:40]} d5 {[%emt 0:01:18]} 34. exd5 {[%emt 0:01:36]} Bxd5 {[%emt 0:00:10]} 35. Rg3 {[%emt 0:00:40]} e6 {[%emt 0:01:54]} 36. h4 {[%emt 0:00:53]} Kf7 {[%emt 0:00:12]} 37. Kg1 {[%emt 0:03:28]} R3b7 {[%emt 0:01:00]} 38. Rh3 {[%emt 0:07:13]} Rb2 {[%emt 0:01:18]} 39. Bxb2 {[%emt 0:00:54]} Rxb2 {[%emt 0:00:01]} 40. Rg3 {[%emt 0:00:21]} Qa2 {[%emt 0:00:03]} 41. Kf1 {[%emt 0:06:38]} Rxg2 {[%emt 0:00:40]} 42. Re2 {[%emt 0:07:11]} Rxe2 {[%emt 0:00:33]} 43. Qxe2 {[%emt 0:01:11]} Bc4 {[%emt 0:00:00]} 44. Rd3 {[%emt 0:00:49]} Qb1+ {[%emt 0:00:09]} 45. Kf2 {[%emt 0:01:37]} Qxd3 {[%emt 0:00:05]} 46. Qb2 {[%emt 0:00:28]} Qf1+ {[%emt 0:00:12]} 0-1

[Event "Botvinnik Cup 2018"]
[Site "Moscow"]
[Date "2018.08.12"]
[Round "5"]
[White "Mailebayev, Sanzhar"]
[Black "Tologontegin, Semetey"]
[Result "0-1"]
[WhiteElo "1820"]
[BlackElo "2419"]
[Annotator "TA"]
[PlyCount "128"]
[EventDate "2018.08.10"]
[EventCountry "RUS"]
[SourceTitle "playchess.com"]
[Source "ChessBase"]
[SourceQuality "1"]

{[%evp 15,128,17,17,-15,27,22,35,22,19,-8,0,4,52,45,56,42,46,38,43,0,44,18,65,39,67,51,76,81,97,99,125,129,128,131,129,131,152,63,58,50,65,49,36,26,58,51,47,0,0,0,0,-22,0,0,0,-3,0,-27,-1,-28,0,-20,-7,-50,0,0,9,-120,-8,-10,-14,-83,-80,-89,-83,-139,-134,-415,-415,-410,-399,-406,-400,-384,-385,-464,-459,-752,-847,-1075,-1016,-29984,-29985,-29986,-29986,-29985,-6111,-29979,-29980,-29984,-29985,-29991,-29988,-29988,-29989,-29995,-29989,-29989,-29990,-29990,-29991,-29991,-29990,-29990,-29991]} 1. e4 g6 2. d4 Bg7 3. c3 d6 4. Bd3 Nf6 5. Ne2 O-O 6. O-O c5 7. h3 {B07: Pirc Defence: Miscellaneous Systems} Nc6 8. Be3 cxd4 {LiveBook: 6 Games} 9. Nxd4 {The position is equal.} (9. cxd4 Nb4 10. Nbc3 Nxd3 11. Qxd3 b6 12. d5 e5 13. dxe6 fxe6 14. Rfd1 Bb7 15. Qxd6 Qxd6 16. Rxd6 Nxe4 17. Rxe6 Nxc3 18. Nxc3 {½-½ (52) Nepomniachtchi,I (2632)-Smirin,I (2650) Netanya 2009}) 9... Ne5 10. c4 $146 ({Predecessor:} 10. Bc2 d5 11. exd5 Nxd5 12. Bc1 Nc4 13. Qe2 {0-1 (48) Divljan,B (2147)-Secheres,A (2296) Novi Sad 2016}) 10... b6 11. Nc3 Bb7 12. f3 Rc8 13. b3 a6 14. Rc1 e6 15. Be2 Ned7 16. Qd2 Re8 17. Rfd1 Bf8 18. Bf1 Qc7 19. a3 Qb8 20. b4 Qc7 21. Nb3 Red8 22. Qf2 Rb8 {[#]} 23. Nd5 $1 {[%mdl 512]} exd5 24. cxd5 Nc5 25. bxc5 bxc5 26. Bc4 (26. Bg5 $16 Be7 27. Qh4) 26... Re8 $14 27. Qd2 Bc8 28. Rb1 Nd7 29. Na5 {[%cal Bb3a5,Ba5c4,Bc4e3][%mdl 32]} Rxb1 30. Rxb1 Bg7 31. Be2 f5 32. Nc4 fxe4 33. f4 $1 Bf8 34. Qb2 Be7 35. Bd2 {Ba5 is the strong threat.} (35. g4 {is more complex.} h6 36. Qd2 Bh4 37. a4 Kh7 38. a5) 35... Nf6 $1 {[%cal Rf6d5]} 36. Ne3 Bd8 37. Bc3 Qf7 38. Qb3 h5 39. g4 Nd7 40. Rf1 Bf6 {Hoping for ...Bd4.} 41. gxh5 (41. Nc4 $11 Be7 42. Qa4) 41... Bxc3 ({Black should play} 41... Bd4 $17 42. Bxd4 cxd4) 42. Qxc3 $11 {Threatens to win with Nc4.} gxh5 43. Rf2 (43. Kh2 $1 $11 Nf6 44. Rg1+ Kh7 45. Qe1) 43... Kh7 $17 44. Kh2 Nf6 $36 {[%mdl 2048] White is under strong pressure.} 45. Rg2 (45. Qe1 $142) 45... Rg8 46. Qc2 $2 {[%mdl 8192]} (46. Rxg8 $17 Nxg8 47. Qe1) 46... Qd7 $19 ({Less strong is} 46... Rxg2+ 47. Nxg2 Qxd5 48. Qc3 $19) 47. f5 Rxg2+ 48. Kxg2 Qg7+ 49. Kh2 Qg5 50. Qd2 Bxf5 51. Bxa6 (51. Nc4 $142 Qxd2 52. Nxd2) 51... Qf4+ 52. Kh1 Bxh3 53. Be2 Qf2 54. Qc3 Kg6 55. Bd1 {[#]} Nxd5 $1 {[%mdl 512]} 56. Bxh5+ (56. Nxd5 Qg2#) 56... Kh7 {Black mates.} 57. Qc4 Nxe3 {[%csl Ge3,Gh3][%cal Rf2g2]} 58. Qxe4+ Bf5 59. Qb7+ Kh6 60. Bf3 Qf1+ 61. Kh2 Qh3+ 62. Kg1 Qg3+ 63. Kh1 Nf1 {[%csl Gf1][%cal Rg3h2]} 64. Qb2 Qxf3+ {Precision: White = 41%, Black = 55%.} 0-1

[Event "Botvinnik Cup 2018"]
[Site "Moscow"]
[Date "2018.08.12"]
[Round "5"]
[White "Grigoryan, Aram"]
[Black "Korotylev, Alexey"]
[Result "1/2-1/2"]
[WhiteElo "1805"]
[BlackElo "2573"]
[Annotator "ChessBase"]
[PlyCount "56"]
[EventDate "2018.08.10"]
[EventCountry "RUS"]
[SourceTitle "playchess.com"]
[Source "ChessBase"]
[SourceQuality "1"]
[TimeControl "5400+30"]

1. d4 {[%emt 0:00:00]} Nf6 {[%emt 0:00:00]} 2. c4 {[%emt 0:00:03]} e6 {[%emt 0:00:00]} 3. Nf3 {[%emt 0:00:05]} b6 {[%emt 0:00:02]} 4. g3 {[%emt 0:00:04]} Bb7 {[%emt 0:00:22]} 5. Bg2 {[%emt 0:00:25]} Be7 {[%emt 0:00:03]} 6. O-O {[%emt 0:00:11]} O-O {[%emt 0:00:25]} 7. Nc3 {[%emt 0:00:49]} Ne4 {[%emt 0:00:27]} 8. Qc2 {[%emt 0:00:26]} Nxc3 {[%emt 0:00:04]} 9. Qxc3 {[%emt 0:00:01]} c5 {[%emt 0:00:20]} 10. b3 {[%emt 0:01:07]} d6 {[%emt 0:00:34]} 11. Bb2 {[%emt 0:00:08]} Bf6 {[%emt 0:01:43]} 12. Rfd1 {[%emt 0:00:34]} Qe7 {[%emt 0:00:47]} 13. Qc2 {[%emt 0:05:52]} Nc6 {[%emt 0:02:50]} 14. e3 {[%emt 0:00:32]} Rfd8 {[%emt 0:01:42]} 15. Rac1 {[%emt 0:01:49]} a5 {[%emt 0:05:43]} 16. a4 {[%emt 0:03:09]} h6 {[%emt 0:04:16]} 17. Qb1 {[%emt 0:04:43]} Rac8 {[%emt 0:01:11]} 18. Qa1 {[%emt 0:02:11]} Nb4 {[%emt 0:00:34]} 19. Rd2 {[%emt 0:03:48]} Be4 {[%emt 0:00:57]} 20. Ne1 {[%emt 0:04:40]} Bxg2 {[%emt 0:00:10]} 21. Nxg2 {[%emt 0:00:15]} d5 {[%emt 0:17:20]} 22. dxc5 {[%emt 0:05:30]} Bxb2 {[%emt 0:00:52]} 23. Qxb2 {[%emt 0:00:06]} Rxc5 {[%emt 0:00:12]} 24. cxd5 {[%emt 0:01:19]} Rcxd5 {[%emt 0:03:53]} 25. Rxd5 {[%emt 0:03:15]} Rxd5 {[%emt 0:04:18]} 26. Nf4 {[%emt 0:00:18]} Rd8 {[%emt 0:00:38]} 27. Qe5 {[%emt 0:01:36]} Qd6 {[%emt 0:07:04]} 28. Qxd6 {[%emt 0:03:43]} Rxd6 {[%emt 0:00:04]} 1/2-1/2

[Event "Botvinnik Cup 2018"]
[Site "Moscow"]
[Date "2018.08.12"]
[Round "5"]
[White "Igen, Amir"]
[Black "Tologontegin, Semetey"]
[Result "0-1"]
[WhiteElo "1778"]
[BlackElo "2419"]
[Annotator "NA"]
[PlyCount "82"]
[EventDate "2018.08.10"]
[EventCountry "RUS"]
[SourceTitle "playchess.com"]
[Source "ChessBase"]
[SourceQuality "1"]
[TimeControl "5400+30"]

1. d4 {[%emt 0:00:00]} Nf6 {[%emt 0:00:52]} 2. c4 {[%emt 0:00:29]} d6 {[%emt 0:00:08]} 3. Nc3 {[%emt 0:00:31]} Bf5 {[%emt 0:00:34]} 4. Nf3 {[%emt 0:02:03]} g6 {[%emt 0:00:29]} 5. g3 {[%emt 0:02:21]} Bg7 {[%emt 0:00:17]} 6. Bg2 {[%emt 0:00:43]} c6 {[%emt 0:01:40]} 7. O-O {[%emt 0:00:17]} O-O {[%emt 0:00:28]} 8. Re1 {[%emt 0:02:08]} Ne4 {[%emt 0:02:32]} 9. Nh4 {[%emt 0:01:15]} Nxc3 {[%emt 0:01:01]} 10. bxc3 {[%emt 0:00:09]} Be6 {[%emt 0:01:48]} 11. Qd3 {[%emt 0:06:14]} Qa5 {[%emt 0:01:51]} 12. e4 {[%emt 0:17:46]} Qa4 {[%emt 0:01:48]} 13. d5 {[%emt 0:02:09]} Bc8 {[%emt 0:00:34]} 14. Be3 {[%emt 0:22:02]} Nd7 {[%emt 0:03:48]} 15. f4 {[%emt 0:01:29]} c5 {[%emt 0:10:55]} 16. Nf3 {[%emt 0:07:16]} Nb6 {[%emt 0:00:15]} 17. Nd2 {[%emt 0:01:48]} e6 {[%emt 0:01:33]} 18. Bf2 {[%emt 0:04:37]} e5 {[%emt 0:05:05]} 19. fxe5 {[%emt 0:05:32]} Bxe5 {[%emt 0:00:53]} 20. Nf3 {[%emt 0:01:07]} Nxc4 {[%emt 0:07:31]} 21. Nd2 {[%emt 0:10:18]} Nxd2 {[%emt 0:00:41]} 22. Qxd2 {[%emt 0:00:06]} Bd7 {[%emt 0:00:53]} 23. Be3 {[%emt 0:01:13]} b5 {[%emt 0:01:06]} 24. Bf4 {[%emt 0:00:13]} Rae8 {[%emt 0:01:38]} 25. Rf1 {[%emt 0:01:00]} f6 {[%emt 0:02:58]} 26. Rf2 {[%emt 0:03:43]} g5 {[%emt 0:01:53]} 27. Bxe5 {[%emt 0:00:42]} Rxe5 {[%emt 0:04:22]} 28. Raf1 {[%emt 0:00:18]} Kg7 {[%emt 0:00:17]} 29. h4 {[%emt 0:03:57]} h6 {[%emt 0:00:59]} 30. hxg5 {[%emt 0:00:21]} hxg5 {[%emt 0:00:01]} 31. Qe2 {[%emt 0:01:12]} Qa5 {[%emt 0:10:09]} 32. Qh5 {[%emt 0:00:54]} Qxc3 {[%emt 0:00:45]} 33. Rxf6 {[%emt 0:01:21]} Rxf6 {[%emt 0:01:26]} 34. Rxf6 {[%emt 0:00:36]} Kxf6 {[%emt 0:00:03]} 35. Qh6+ {[%emt 0:00:58]} Ke7 {[%emt 0:00:12]} 36. Qg7+ {[%emt 0:00:20]} Kd8 {[%emt 0:00:23]} 37. Qh8+ {[%emt 0:00:05]} Kc7 {[%emt 0:00:04]} 38. Qa8 {[%emt 0:00:19]} Qd4+ {[%emt 0:00:28]} 39. Kh2 {[%emt 0:00:07]} c4 {[%emt 0:00:03]} 40. Qh8 {[%emt 0:00:55]} Rxe4 {[%emt 0:01:01]} 41. Qh5 {[%emt 0:01:24]} Re8 {[%emt 0:01:03]} 0-1

[Event "Botvinnik Cup 2018"]
[Site "Moscow"]
[Date "2018.08.12"]
[Round "5"]
[White "Degenbaev, Aziz"]
[Black "Khusnutdinov, Rustam"]
[Result "1/2-1/2"]
[WhiteElo "1688"]
[BlackElo "2470"]
[Annotator "ChessBase"]
[PlyCount "83"]
[EventDate "2018.08.10"]
[EventCountry "RUS"]
[SourceTitle "playchess.com"]
[Source "ChessBase"]
[SourceQuality "1"]
[TimeControl "5400+30"]

1. e4 {[%emt 0:00:00]} c5 {[%emt 0:00:00]} 2. Nf3 {[%emt 0:00:06]} e6 {[%emt 0:00:00]} 3. d4 {[%emt 0:00:25]} cxd4 {[%emt 0:00:00]} 4. Nxd4 {[%emt 0:00:14]} Nc6 {[%emt 0:00:00]} 5. Nc3 {[%emt 0:01:37]} Qc7 {[%emt 0:00:00]} 6. Be2 {[%emt 0:03:21]} a6 {[%emt 0:00:24]} 7. f4 {[%emt 0:02:31]} Nxd4 {[%emt 0:02:41]} 8. Qxd4 {[%emt 0:00:18]} b5 {[%emt 0:00:02]} 9. a3 {[%emt 0:01:09]} Bb7 {[%emt 0:00:20]} 10. Be3 {[%emt 0:08:13]} Rc8 {[%emt 0:00:07]} 11. O-O {[%emt 0:02:57]} d6 {[%emt 0:08:06]} 12. f5 {[%emt 0:16:13]} e5 {[%emt 0:02:08]} 13. Qd3 {[%emt 0:00:18]} Nf6 {[%emt 0:00:24]} 14. Bf3 {[%emt 0:03:15]} h6 {[%emt 0:00:09]} 15. Rf2 {[%emt 0:05:54]} Be7 {[%emt 0:00:12]} 16. g4 {[%emt 0:02:07]} Qc4 {[%emt 0:01:23]} 17. Rg2 {[%emt 0:11:04]} Qxd3 {[%emt 0:02:51]} 18. cxd3 {[%emt 0:00:57]} Nd7 {[%emt 0:00:01]} 19. Rd1 {[%emt 0:03:52]} Bd8 {[%emt 0:03:31]} 20. g5 {[%emt 0:07:45]} hxg5 {[%emt 0:09:37]} 21. Bxg5 {[%emt 0:00:16]} Bxg5 {[%emt 0:00:01]} 22. Rxg5 {[%emt 0:00:01]} Kf8 {[%emt 0:00:01]} 23. Kh1 {[%emt 0:02:06]} Rh7 {[%emt 0:01:16]} 24. Rdg1 {[%emt 0:03:07]} Nc5 {[%emt 0:00:17]} 25. Be2 {[%emt 0:00:18]} Nb3 {[%emt 0:00:07]} 26. f6 {[%emt 0:12:23]} g6 {[%emt 0:00:02]} 27. R5g3 {[%emt 0:00:58]} Nd4 {[%emt 0:00:25]} 28. Bg4 {[%emt 0:00:23]} Rc5 {[%emt 0:00:33]} 29. Rc1 {[%emt 0:05:40]} Ke8 {[%emt 0:00:13]} 30. Rgg1 {[%emt 0:00:21]} Kd8 {[%emt 0:00:15]} 31. b4 {[%emt 0:00:35]} Rc7 {[%emt 0:00:06]} 32. Nd5 {[%emt 0:00:44]} Bxd5 {[%emt 0:01:21]} 33. exd5 {[%emt 0:00:02]} Rh8 {[%emt 0:06:40]} 34. h3 {[%emt 0:01:37]} Re8 {[%emt 0:00:53]} 35. Rxc7 {[%emt 0:03:00]} Kxc7 {[%emt 0:00:12]} 36. Rc1+ {[%emt 0:00:16]} Kb7 {[%emt 0:00:25]} 37. Bd7 {[%emt 0:00:11]} Rd8 {[%emt 0:00:18]} 38. Bg4 {[%emt 0:01:36]} Re8 {[%emt 0:20:03]} 39. Bd7 {[%emt 0:00:06]} Rd8 {[%emt 0:00:21]} 40. Bg4 {[%emt 0:00:01]} Re8 {[%emt 0:07:23]} 41. Bd7 {[%emt 0:00:01]} Rd8 {[%emt 0:00:01]} 42. Bg4 {[%emt 0:00:01]} 1/2-1/2